Introducción al proyecto
Salvato in:
| Autore principale: | |
|---|---|
| Natura: | Libro |
| Lingua: | spagnolo |
| Pubblicazione: |
Ciudad de México
Herrero Hnos.
1973
|
| Edizione: | 2a. ed |
| Serie: | Serie Fundamentos y Estudios de Diseño y Proyecto en Ingeniería
|
| Soggetti: | |
| Tags: |
Aggiungi Tag
Nessun Tag, puoi essere il primo ad aggiungerne!!
|
MARC
| LEADER | 00000cam a2200000 a 4500 | ||
|---|---|---|---|
| 001 | UCD5584 | ||
| 003 | CL-VaPUC | ||
| 008 | 160922e19730000mx |||||||||||||||||spa|d | ||
| 082 | 0 | 4 | |a 620.0068 |b ASI |2 21 |
| 100 | 0 | |a Asimow, Morris |e author |9 589383 | |
| 245 | 1 | 0 | |a Introducción al proyecto |
| 250 | |a 2a. ed | ||
| 300 | |a 187 p | ||
| 942 | |c BK | ||
| 945 | |d 20160922 22:24:00 |a dcastane | ||
| 260 | |a Ciudad de México |b Herrero Hnos. |c 1973 | ||
| 650 | 7 | |a CIENCIAS DE LA INGENIERIA |2 CL-VaPUC |9 361394 | |
| 650 | 7 | |a PLANIFICACION DE PROYECTOS |2 CL-VaPUC |9 364615 | |
| 650 | 0 | |a Optimización |9 339671 | |
| 650 | 7 | |a PROCESOS LOGICOS |2 CL-VaPUC |9 361117 | |
| 583 | |a last modification |c 20161003 10:00:07 |k Rodrigo Vera | ||
| 490 | 0 | |a Serie Fundamentos y Estudios de Diseño y Proyecto en Ingeniería | |
| 999 | |c 366237 |d 366235 | ||